Images That Start with 'A' Quiz Stats

Quiz Updated Nov 8, 2017

Challenge
Share
Tweet
Score 0/20 Timer 03:00
8 Plays Today
% Correct
anchor
97.1%
afro
96.7%
astronaut
95%
alligator
94.7%
acorn
89.5%
almonds
89.1%
aardvark
88.4%
armadillo
85.3%
anvil
76.1%
Arkansas
74.3%
% Correct
abacus
71.2%
Argentina
71%
artichoke
70.5%
apricots
70.5%
alpha
66.4%
anaconda
66.1%
aqueduct
64.5%
accordion
64.4%
argyle
50.6%
akita
26.1%

You're not logged in!

Compare scores with friends on all Sporcle quizzes.
Join for Free
OR
Log In

You Might Also Like...

Show Comments

Extras

Top Quizzes Today


Score Distribution

Your Account Isn't Verified!

In order to create a playlist on Sporcle, you need to verify the email address you used during registration. Go to your Sporcle Settings to finish the process.

Report this User

Report this user for behavior that violates our Community Guidelines.

Details: